000 01287nam a2200349 i 4500
001 000026971
003 DO-SdBNP
005 20250818091419.0
007 ta
008 110328s2006 dr ac 000 0 spa d
020 _a9945856014
040 _aDO-SdBNP
_bspa
_cBNPHU
_erda
041 _aspa
049 _aBNPD
082 4 _axxx
_bP433d
_222
100 1 _aPerdomo Cordero, Nassef,
_eautor
_4aut.
_954065
245 1 3 _aLa discriminación racial en el ordenamiento jurídico dominicano /
_cNassef Perdomo Cordero ; prólogo, Pablo Mella ; edición, Bienvenido Scharboy ; corrección, Vilma Martínez
264 1 _aSanto Domingo :
_bUnión Europea;
_bCentenario,
_c2006.
300 _a69 páginas :
_bilustraciones, retratos ;
_c21 cm.
336 _atexto
_btxt
_2rdacontent
337 _asin mediación
_bn
_2rdamedia
338 _avolumen
_bnc
_2rdacarrier
490 _aRelaciones Dominico-Haitianas
_v7
500 _aIncluye referencias bibliográficas y notas al pie de las páginas
504 _aBibliografías : páginas 67 -69
590 _aInventariado, 2023/BT
700 1 _aMella, Pablo,
_eprologuista
_954066
700 1 _aScharboy, Bienvenido,
_eeditor
_4ed.
_983745
700 1 _aMartínez, Vilma,
_ecorrector
_4corr.
_927215
910 _aBtavárez
942 _2ddc
_cLBS1
999 _c26463
_d26463